[Event "CZE-chT2A 2122"]
[Site "Czech Republic"]
[Date "2022.01.16"]
[Round "6.8"]
[White "Hadrava, Jaroslav"]
[Black "Matejka, Radek"]
[Result "1/2-1/2"]
[WhiteElo "1920"]
[BlackElo "1934"]
[PlyCount "40"]
[EventDate "2021.10.17"]
[EventType "team-tourn"]
[EventRounds "11"]
[EventCountry "CZE"]
[SourceTitle "EXT 2025"]
[Source "ChessBase"]
[SourceDate "2024.10.14"]
[SourceVersion "1"]
[SourceVersionDate "2024.10.14"]
[SourceQuality "1"]
[WhiteTeam "Unichess Sekacek"]
[BlackTeam "Pisek"]
[WhiteTeamCountry "CZE"]
[BlackTeamCountry "CZE"]

1. e4 c5 2. Nf3 e6 3. d4 cxd4 4. Nxd4 Nc6 5. Nc3 Qc7 6. Be2 Nf6 7. 0-0 a6 8. Kh1 b5 9. Nxc6 dxc6 10. f4 b4 11. e5 bxc3 12. exf6 gxf6 13. Qd4 cxb2 14. Bxb2 Be7 15. Rad1 c5 16. Qc3 Bb7 17. Bf3 Rd8 18. Rxd8+ Bxd8 19. Ba3 Be7 20. Rb1 Bc8 1/2-1/2

[Event "CZE-chT2A 1920"]
[Site "Czech Republic"]
[Date "2020.02.23"]
[Round "9.6"]
[White "Jelagin, Konstantin"]
[Black "Matejka, Radek"]
[Result "1/2-1/2"]
[WhiteElo "1870"]
[BlackElo "1916"]
[PlyCount "95"]
[EventDate "2019.10.13"]
[EventType "team-tourn"]
[EventRounds "11"]
[EventCountry "CZE"]
[SourceTitle "EXT 2024"]
[Source "ChessBase"]
[SourceDate "2023.10.10"]
[SourceVersion "1"]
[SourceVersionDate "2023.10.10"]
[SourceQuality "1"]
[WhiteTeam "Pribram Banik"]
[BlackTeam "Pisek"]
[WhiteTeamCountry "CZE"]
[BlackTeamCountry "CZE"]

1. e4 c5 2. Nf3 Nc6 3. d4 cxd4 4. Nxd4 g6 5. Be3 Bg7 6. Nc3 Nf6 7. f3 a6 8. Qd2 Qc7 9. 0-0-0 d6 10. g4 Nxd4 11. Qxd4 0-0 12. Qc4 Qb8 13. Nd5 Nxd5 14. exd5 b5 15. Qb3 e6 16. Bg2 exd5 17. Qxd5 Be6 18. Qxd6 Qc8 19. f4 Bxg4 20. Bxa8 Bxd1 21. Rxd1 Qxa8 22. Qd3 Qc6 23. Kb1 b4 24. Bc1 Rc8 25. f5 a5 26. fxg6 hxg6 27. Rf1 a4 28. Bd2 Qc5 29. Qe4 Rb8 30. Qf4 Rb7 31. Qe4 b3 32. cxb3 axb3 33. a3 Qc2+ 34. Qxc2 bxc2+ 35. Kxc2 Rxb2+ 36. Kd1 Ra2 37. Rf3 Be5 38. h3 f6 39. Bb4 Kf7 40. Bc5 Ke6 41. Rf2 Ra1+ 42. Ke2 Kd5 43. Be7 Ke4 44. Rg2 g5 45. Rg4+ Kd5 46. h4 gxh4 47. Rxh4 f5 48. Rb4 1/2-1/2

[Event "CZE-chT2A 1920"]
[Site "Czech Republic"]
[Date "2019.12.15"]
[Round "5.7"]
[White "Matejka, Radek"]
[Black "Meszaros, Ludek"]
[Result "1/2-1/2"]
[WhiteElo "1916"]
[BlackElo "2091"]
[PlyCount "75"]
[EventDate "2019.10.13"]
[EventType "team-tourn"]
[EventRounds "11"]
[EventCountry "CZE"]
[SourceTitle "EXT 2024"]
[Source "ChessBase"]
[SourceDate "2023.10.10"]
[SourceVersion "1"]
[SourceVersionDate "2023.10.10"]
[SourceQuality "1"]
[WhiteTeam "Pisek"]
[BlackTeam "Tabor"]
[WhiteTeamCountry "CZE"]
[BlackTeamCountry "CZE"]

1. d4 Nf6 2. c4 g6 3. g3 Bg7 4. Bg2 0-0 5. Nf3 d6 6. Nc3 Nc6 7. 0-0 Bf5 8. Nh4 Bd7 9. Bg5 h6 10. Bxf6 Bxf6 11. Nf3 Bg7 12. e3 Qc8 13. Re1 Bh3 14. Bh1 e5 15. d5 Ne7 16. Qd2 f5 17. Bg2 Bxg2 18. Kxg2 g5 19. b4 Ng6 20. Rac1 f4 21. exf4 gxf4 22. c5 fxg3 23. hxg3 Nf4+ 24. gxf4 Qg4+ 25. Kf1 Qxf3 26. fxe5 Qh3+ 27. Ke2 Qh5+ 28. Kd3 dxe5 29. Re3 Qg6+ 30. Ne4 Rf4 31. Rce1 Rd8 32. Kc2 Qa6 33. Kb3 b5 34. Rg1 Rdf8 35. Kb2 Qa4 36. a3 Kh8 37. Ka2 a5 38. Nc3 1/2-1/2

[Event "CZE-chT2C 1617"]
[Site "Czech Republic"]
[Date "2017.01.15"]
[Round "6.5"]
[White "Matejka, Radek"]
[Black "Loskot, Petr"]
[Result "0-1"]
[WhiteElo "1975"]
[BlackElo "2086"]
[PlyCount "84"]
[EventDate "2016.10.09"]
[EventType "team-tourn"]
[EventRounds "11"]
[EventCountry "CZE"]
[SourceTitle "EXT 2022"]
[Source "ChessBase"]
[SourceDate "2021.10.06"]
[SourceVersion "1"]
[SourceVersionDate "2021.10.06"]
[SourceQuality "1"]
[WhiteTeam "Pisek"]
[BlackTeam "Tabor"]
[WhiteTeamCountry "CZE"]
[BlackTeamCountry "CZE"]

1. e4 e6 2. d4 d5 3. Nd2 Nc6 4. c3 e5 5. Ngf3 exd4 6. exd5 Qxd5 7. Bc4 Qh5 8. 0-0 Be6 9. Re1 0-0-0 10. Bxe6+ fxe6 11. Rxe6 Nf6 12. Qa4 Bd6 13. Nc4 dxc3 14. Nxd6+ Rxd6 15. Rxd6 cxb2 16. Bxb2 cxd6 17. Rc1 Kb8 18. Nd4 Nxd4 19. Bxd4 a6 20. Qc4 Nd5 21. Rb1 Qf5 22. Qb3 Qf7 23. f4 Rf8 24. g3 g6 25. Bf2 h5 26. Rd1 Ne7 27. Qb6 Nc8 28. Qb2 Re8 29. Qc2 Qf5 30. Qxf5 gxf5 31. Rd5 Rf8 32. Be1 Kc7 33. Bb4 Kc6 34. Rd3 Re8 35. Kf1 Re4 36. Bd2 Nb6 37. Kf2 Nc4 38. Bc1 b5 39. h3 d5 40. g4 hxg4 41. hxg4 fxg4 42. Rg3 d4 0-1

[Event "CZE-chT2C 1617"]
[Site "Czech Republic"]
[Date "2016.12.11"]
[Round "5.7"]
[White "Matys, Jakub"]
[Black "Matejka, Radek"]
[Result "0-1"]
[WhiteElo "1703"]
[BlackElo "1975"]
[PlyCount "82"]
[EventDate "2016.10.09"]
[EventType "team-tourn"]
[EventRounds "11"]
[EventCountry "CZE"]
[SourceTitle "EXT 2022"]
[Source "ChessBase"]
[SourceDate "2021.10.06"]
[SourceVersion "1"]
[SourceVersionDate "2021.10.06"]
[SourceQuality "1"]
[WhiteTeam "Vysehrad III"]
[BlackTeam "Pisek"]
[WhiteTeamCountry "CZE"]
[BlackTeamCountry "CZE"]

1. Nf3 d5 2. g3 g6 3. Bg2 Bg7 4. d4 Nf6 5. 0-0 0-0 6. c4 dxc4 7. Na3 Be6 8. Ne5 Bd5 9. f3 b6 10. e4 Bb7 11. Be3 c3 12. bxc3 Nfd7 13. Nxd7 Nxd7 14. Qd2 Re8 15. e5 c5 16. Rac1 Qc7 17. f4 Bxg2 18. Qxg2 Rac8 19. f5 Qc6 20. Qxc6 Rxc6 21. fxg6 hxg6 22. Nb1 Rec8 23. Rfd1 e6 24. Na3 a6 25. g4 Bf8 26. Nb1 b5 27. g5 Kg7 28. Kg2 Nb6 29. dxc5 Bxc5 30. Bd4 Nd5 31. Kf3 Ne7 32. Ke4 Rh8 33. Rc2 Rh4+ 34. Kd3 Bxd4 35. cxd4 Rxd4+ 36. Kxd4 Rxc2 37. Rd2 Nc6+ 38. Kd3 Rc5 39. Rc2 Nxe5+ 40. Kd2 Nf3+ 41. Kd3 Ne1+ 0-1

[Event "CZE-chT2A 1314"]
[Site "Czech Republic"]
[Date "2013.11.03"]
[Round "1.3"]
[White "Matejka, Radek"]
[Black "Novak, Pavel"]
[Result "1-0"]
[WhiteElo "1980"]
[BlackElo "2349"]
[PlyCount "57"]
[EventDate "2013.11.03"]
[EventType "team-tourn"]
[EventRounds "11"]
[EventCountry "CZE"]
[SourceTitle "EXT 2015"]
[Source "ChessBase"]
[SourceDate "2014.11.20"]
[SourceVersion "1"]
[SourceVersionDate "2014.11.20"]
[SourceQuality "1"]
[WhiteTeam "Pisek"]
[BlackTeam "Kozolupy"]
[WhiteTeamCountry "CZE"]
[BlackTeamCountry "CZE"]

1. d4 Nf6 2. c4 g6 3. g3 Bg7 4. Bg2 0-0 5. Bf4 c5 6. dxc5 Qa5+ 7. Qd2 Qxc5 8. Na3 Ng4 9. Nh3 d6 10. 0-0 Nc6 11. Rab1 e5 12. b4 Qb6 13. Bg5 Bf5 14. e4 Be6 15. Qxd6 Nd4 16. Be7 Qxd6 17. Bxd6 Rfd8 18. c5 Bxa2 19. Rb2 Bb3 20. Ng5 f6 21. Nf3 Nxf3+ 22. Bxf3 Be6 23. Nb5 Bc4 24. Be2 Bxe2 25. Rxe2 Kf7 26. f4 a6 27. Nc7 Rxd6 28. cxd6 Rd8 29. h3 1-0

[Event "Tabor op"]
[Site "Tabor"]
[Date "2013.08.01"]
[Round "6"]
[White "Matejka, Radek"]
[Black "Ruzicka, Tomas"]
[Result "1-0"]
[WhiteElo "2020"]
[BlackElo "1782"]
[PlyCount "69"]
[EventDate "2013.07.28"]
[EventType "swiss"]
[EventRounds "9"]
[EventCountry "CZE"]
[SourceTitle "CBM 155 Extra"]
[Source "ChessBase"]
[SourceDate "2013.08.26"]
[SourceVersion "1"]
[SourceVersionDate "2013.08.26"]
[SourceQuality "1"]

1. d4 Nf6 2. Bg5 e6 3. e4 Be7 4. Bd3 0-0 5. h4 d6 6. Nf3 Nbd7 7. Nbd2 e5 8. dxe5 Nxe5 9. Nxe5 dxe5 10. Nc4 Nd7 11. Qh5 f6 12. Be3 b5 13. Nd2 a6 14. a4 c6 15. 0-0 Bb7 16. Nb3 Rb8 17. Qg4 Bc8 18. Qe6+ Kh8 19. Qxc6 Qe8 20. axb5 axb5 21. Ra7 Qg6 22. Be2 f5 23. Bxb5 Rxb5 24. Qxb5 f4 25. Ra8 f3 26. g3 Qg4 27. Kh2 Bxh4 28. Rxc8 Bd8 29. Rh1 Nf6 30. Rxd8 Rxd8 31. Qxe5 Nxe4 32. Qf4 Qe6 33. Qxf3 g5 34. Nc5 Qh6+ 35. Kg2 1-0

[Event "Tabor op"]
[Site "Tabor"]
[Date "2013.07.29"]
[Round "3"]
[White "Barrish, Daniel"]
[Black "Matejka, Radek"]
[Result "1/2-1/2"]
[WhiteElo "1824"]
[BlackElo "2020"]
[PlyCount "65"]
[EventDate "2013.07.28"]
[EventType "swiss"]
[EventRounds "9"]
[EventCountry "CZE"]
[SourceTitle "CBM 155 Extra"]
[Source "ChessBase"]
[SourceDate "2013.08.26"]
[SourceVersion "1"]
[SourceVersionDate "2013.08.26"]
[SourceQuality "1"]

1. d4 d5 2. c4 c6 3. Nf3 Bf5 4. cxd5 Qxd5 5. Nc3 Qa5 6. Qb3 Qb6 7. Qxb6 axb6 8. e4 Bg6 9. Ne5 Nf6 10. Nxg6 hxg6 11. Be2 e6 12. 0-0 Bb4 13. f3 Nbd7 14. Be3 0-0 15. Rfc1 c5 16. Nb5 cxd4 17. Bxd4 e5 18. Be3 Bc5 19. Kf2 g5 20. a3 g4 21. b4 Be7 22. Rc4 gxf3 23. Kxf3 Ne8 24. Nc7 Nd6 25. Nxa8 Nxc4 26. Bxc4 Rxa8 27. Rd1 Rd8 28. Bd5 Ra8 29. Bxb7 Rxa3 30. Rxd7 Bg5 31. Bd5 Bxe3 32. Rxf7 Kh7 33. Ke2 1/2-1/2

[Event "Tabor op"]
[Site "Tabor"]
[Date "2013.07.29"]
[Round "2"]
[White "Matejka, Radek"]
[Black "Westerinen, Heikki MJ"]
[Result "0-1"]
[WhiteElo "2020"]
[BlackElo "2286"]
[PlyCount "52"]
[EventDate "2013.07.28"]
[EventType "swiss"]
[EventRounds "9"]
[EventCountry "CZE"]
[SourceTitle "CBM 155 Extra"]
[Source "ChessBase"]
[SourceDate "2013.08.26"]
[SourceVersion "1"]
[SourceVersionDate "2013.08.26"]
[SourceQuality "1"]

1. d4 d5 2. c4 dxc4 3. e4 e5 4. Nf3 Nf6 5. Nc3 exd4 6. Qxd4 Qxd4 7. Nxd4 Bc5 8. Be3 Ng4 9. Bxc4 c6 10. Ke2 Nxe3 11. Kxe3 0-0 12. Nce2 Nd7 13. f4 Nb6 14. Rac1 Nxc4+ 15. Rxc4 Bb6 16. Kf3 Bd7 17. b4 Rfd8 18. a4 h5 19. h3 Be6 20. Rc5 Bxc5 21. bxc5 Bc4 22. Nf5 Rd3+ 23. Kf2 Rd2 24. Nfd4 Rd8 25. Ke3 Rd3+ 26. Kf2 R8xd4 0-1

[Event "Klatovy op-A"]
[Site "Klatovy"]
[Date "2013.07.07"]
[Round "9"]
[White "Skopec, Lubos"]
[Black "Matejka, Radek"]
[Result "1-0"]
[WhiteElo "1947"]
[BlackElo "2020"]
[PlyCount "67"]
[EventDate "2013.06.29"]
[EventType "swiss"]
[EventRounds "9"]
[EventCountry "CZE"]
[SourceTitle "EXT 2014"]
[Source "ChessBase"]
[SourceDate "2013.11.20"]
[SourceVersion "1"]
[SourceVersionDate "2013.11.20"]
[SourceQuality "1"]

1. e4 d6 2. d4 Nf6 3. Nc3 Nbd7 4. f4 e5 5. Nf3 exd4 6. Qxd4 c5 7. Qd3 Be7 8. Be3 0-0 9. 0-0-0 Qa5 10. Qb5 Qxb5 11. Bxb5 Nb6 12. Rhe1 Be6 13. f5 Bc4 14. Bf4 Rfd8 15. Bxc4 Nxc4 16. Nd5 Nxd5 17. exd5 Bf6 18. c3 b5 19. g4 Re8 20. b3 Be5 21. Nxe5 Nxe5 22. Bxe5 dxe5 23. d6 f6 24. Rd5 Red8 25. Rxc5 Rxd6 26. Rxb5 Rad8 27. Re2 R8d7 28. Kc2 g6 29. fxg6 hxg6 30. g5 a6 31. Rc5 e4 32. gxf6 Kf7 33. Re5 Rxf6 34. R5xe4 1-0

[Event "Klatovy op-A"]
[Site "Klatovy"]
[Date "2013.07.04"]
[Round "6"]
[White "Matejka, Radek"]
[Black "Kantor, Jozef"]
[Result "1-0"]
[WhiteElo "2020"]
[BlackElo "1883"]
[PlyCount "55"]
[EventDate "2013.06.29"]
[EventType "swiss"]
[EventRounds "9"]
[EventCountry "CZE"]
[SourceTitle "EXT 2014"]
[Source "ChessBase"]
[SourceDate "2013.11.20"]
[SourceVersion "1"]
[SourceVersionDate "2013.11.20"]
[SourceQuality "1"]

1. g3 Nf6 2. c4 g6 3. Bg2 Bg7 4. f4 d6 5. Nf3 c6 6. Nc3 0-0 7. 0-0 Be6 8. d3 Qb6+ 9. e3 Na6 10. Qe2 Nc5 11. Kh1 Rfd8 12. e4 Ng4 13. h3 Nh6 14. Be3 Qb4 15. Nd4 f5 16. a3 Qa5 17. b4 Qc7 18. bxc5 Bc8 19. Rac1 dxc5 20. Nb3 b6 21. e5 Be6 22. d4 b5 23. d5 bxc4 24. Nxc5 Bf7 25. dxc6 Kh8 26. Nb5 Qa5 27. a4 a6 28. Nb7 1-0

[Event "Klatovy op-A"]
[Site "Klatovy"]
[Date "2013.07.02"]
[Round "4"]
[White "Matejka, Radek"]
[Black "Kuchar, Tomas"]
[Result "1-0"]
[WhiteElo "2020"]
[BlackElo "1792"]
[PlyCount "65"]
[EventDate "2013.06.29"]
[EventType "swiss"]
[EventRounds "9"]
[EventCountry "CZE"]
[SourceTitle "EXT 2014"]
[Source "ChessBase"]
[SourceDate "2013.11.20"]
[SourceVersion "1"]
[SourceVersionDate "2013.11.20"]
[SourceQuality "1"]

1. d4 Nf6 2. g3 g6 3. Bg2 d5 4. c4 Bg7 5. cxd5 Nxd5 6. e4 Nb6 7. Ne2 0-0 8. 0-0 Nc4 9. d5 Ne5 10. Nbc3 e6 11. f4 Nc4 12. b3 Nd6 13. Ba3 Re8 14. dxe6 Bxe6 15. Qc1 Qc8 16. e5 Nf5 17. Bc5 f6 18. exf6 Bxf6 19. Ne4 Bg7 20. N2c3 Nd7 21. Bf2 a5 22. Ng5 c6 23. Qd2 Qc7 24. Rad1 Rad8 25. Qc2 Nf8 26. Bh3 Nd4 27. Nxe6 Nfxe6 28. Qd3 Kh8 29. Bxe6 Nxe6 30. Qc4 Nf8 31. Ne4 b6 32. Ng5 Rxd1 33. Nf7+ 1-0

[Event "Klatovy op-A"]
[Site "Klatovy"]
[Date "2013.06.30"]
[Round "2"]
[White "Matejka, Radek"]
[Black "Strnad, Jakub"]
[Result "1/2-1/2"]
[WhiteElo "2020"]
[BlackElo "1689"]
[PlyCount "154"]
[EventDate "2013.06.29"]
[EventType "swiss"]
[EventRounds "9"]
[EventCountry "CZE"]
[SourceTitle "EXT 2014"]
[Source "ChessBase"]
[SourceDate "2013.11.20"]
[SourceVersion "1"]
[SourceVersionDate "2013.11.20"]
[SourceQuality "1"]

1. d4 d5 2. c4 e6 3. g3 Nf6 4. Bg2 c6 5. Nf3 Nbd7 6. b3 Be7 7. Qc2 0-0 8. Nbd2 c5 9. e3 Rb8 10. 0-0 b5 11. cxd5 Nxd5 12. e4 Nb4 13. Qb1 cxd4 14. Nxd4 Bf6 15. N2f3 Ne5 16. Ba3 Nxf3+ 17. Nxf3 Nc6 18. Bxf8 Bxa1 19. Qxa1 Qxf8 20. Rd1 Bb7 21. Nd4 Qc5 22. Nxc6 Bxc6 23. Rc1 Qb6 24. Qc3 Be8 25. Qc7 Qxc7 26. Rxc7 a5 27. Kf1 Kf8 28. Ke1 Rd8 29. e5 a4 30. bxa4 bxa4 31. Ra7 Rb8 32. Rb7 Rd8 33. Ke2 Rc8 34. Kd3 Rd8+ 35. Kc3 Rc8+ 36. Kb2 Rd8 37. Rc7 Rd4 38. Kc2 Rb4 39. Bf3 Rb5 40. Rc8 Rxe5 41. Kd2 Ke7 42. Bc6 Bxc6 43. Rxc6 Rf5 44. Ke3 Rb5 45. Rc7+ Kf6 46. Ra7 Rb4 47. Ra5 h5 48. h4 g6 49. f3 e5 50. Kd3 Kf5 51. Ke3 f6 52. Ra6 Rd4 53. Ra5 g5 54. hxg5 fxg5 55. Ra8 Rb4 56. Rf8+ Ke6 57. Ra8 h4 58. Ra6+ Kf7 59. Ra7+ Ke6 60. Ra6+ Kd7 61. Ra7+ Kc6 62. Rg7 h3 63. Rh7 Rb2 64. Rxh3 Rxa2 65. Rh8 Ra1 66. Ke4 Re1+ 67. Kd3 Kc5 68. Rc8+ Kb4 69. Rb8+ Ka3 70. Rb5 Ka2 71. g4 a3 72. Kd2 Rf1 73. Ke2 Rb1 74. Rxe5 Rb4 75. Rxg5 Kb3 76. Ra5 Ra4 77. Rb5+ Rb4 1/2-1/2

[Event "CZE-chT2C 1213"]
[Site "Czech Republic"]
[Date "2013.03.03"]
[Round "10.7"]
[White "Matejka, Radek"]
[Black "Fiala, Jan"]
[Result "1/2-1/2"]
[WhiteElo "2011"]
[BlackElo "2096"]
[PlyCount "105"]
[EventDate "2012.10.14"]
[EventType "team-tourn"]
[EventRounds "11"]
[EventCountry "CZE"]
[SourceTitle "EXT 2015"]
[Source "ChessBase"]
[SourceDate "2014.11.20"]
[SourceVersion "1"]
[SourceVersionDate "2014.11.20"]
[SourceQuality "1"]
[WhiteTeam "Pisek"]
[BlackTeam "Tabor"]
[WhiteTeamCountry "CZE"]
[BlackTeamCountry "CZE"]

1. Nf3 Nf6 2. d4 g6 3. c4 Bg7 4. Nc3 0-0 5. e4 d6 6. Be2 Bg4 7. 0-0 e5 8. dxe5 Bxf3 9. Bxf3 dxe5 10. Qb3 Qc8 11. Nd5 Nc6 12. Be3 Re8 13. Qd1 Nd4 14. Bg5 Qd8 15. Bg4 c6 16. Nxf6+ Bxf6 17. Be3 c5 18. Bxd4 cxd4 19. Qd3 Qd6 20. g3 Bg5 21. h4 Bh6 22. Kg2 f5 23. exf5 e4 24. Qb3 Qd7 25. Qb5 Qxb5 26. cxb5 gxf5 27. Bxf5 Re5 28. g4 Bd2 29. Rfd1 e3 30. Bd3 Rf8 31. Rxd2 exd2 32. Rd1 h5 33. Rxd2 Rf4 34. gxh5 Rxh5 35. Rc2 Rhxh4 36. Rc8+ Kg7 37. f3 Rh8 38. Rc5 Rd8 39. Kg3 Rf7 40. Kf2 Re7 41. Be4 Kf6 42. Ke2 Rdd7 43. Kd3 Re5 44. b4 Rg5 45. a4 Rg1 46. a5 Ra1 47. a6 Ra3+ 48. Kd2 b6 49. Rf5+ Ke7 50. Bc6 Rd6 51. Rh5 Ke6 52. Rh6+ Ke7 53. Rh7+ 1/2-1/2

[Event "CZE-chT2C 1213"]
[Site "Czech Republic"]
[Date "2012.12.16"]
[Round "5.5"]
[White "Hrdina, Robin"]
[Black "Matejka, Radek"]
[Result "1-0"]
[WhiteElo "2007"]
[BlackElo "2011"]
[PlyCount "55"]
[EventDate "2012.10.14"]
[EventType "team-tourn"]
[EventRounds "11"]
[EventCountry "CZE"]
[SourceTitle "EXT 2015"]
[Source "ChessBase"]
[SourceDate "2014.11.20"]
[SourceVersion "1"]
[SourceVersionDate "2014.11.20"]
[SourceQuality "1"]
[WhiteTeam "Vlasim"]
[BlackTeam "Pisek"]
[WhiteTeamCountry "CZE"]
[BlackTeamCountry "CZE"]

1. e4 c5 2. Nf3 g6 3. d4 cxd4 4. Nxd4 Bg7 5. Nc3 Nc6 6. Be3 d6 7. Qd2 Nf6 8. f3 0-0 9. Bc4 Qc7 10. Bb3 a6 11. 0-0-0 Na5 12. h4 h5 13. g4 e5 14. Nde2 Nxb3+ 15. axb3 hxg4 16. h5 Nxh5 17. Nd5 Qd8 18. Bb6 Qe8 19. Rdg1 gxf3 20. Rxh5 fxe2 21. Rhh1 Be6 22. Qxe2 f6 23. Qh2 g5 24. Nc7 Qd7 25. Qh7+ Kf7 26. Rh6 Rh8 27. Rxf6+ Kxf6 28. Rf1+ 1-0

[Event "Tabor op"]
[Site "Tabor"]
[Date "2012.07.31"]
[Round "4"]
[White "Matejka, Radek"]
[Black "Weinzettl, Ernst"]
[Result "0-1"]
[WhiteElo "1992"]
[BlackElo "2305"]
[PlyCount "106"]
[EventDate "2012.07.29"]
[EventType "swiss"]
[EventRounds "9"]
[EventCountry "CZE"]
[SourceTitle "EXT 2013"]
[Source "ChessBase"]
[SourceDate "2012.11.22"]
[SourceVersion "1"]
[SourceVersionDate "2012.11.22"]
[SourceQuality "1"]

1. d4 Nf6 2. c4 e6 3. Nf3 Bb4+ 4. Bd2 Qe7 5. Qc2 Nc6 6. a3 Bxd2+ 7. Nbxd2 a5 8. e3 d6 9. Bd3 e5 10. 0-0 Bg4 11. dxe5 dxe5 12. Ng5 Nd7 13. Nge4 f5 14. Ng3 e4 15. Be2 Bxe2 16. Nxe2 Nce5 17. b4 0-0 18. c5 Ra6 19. Nc4 Rh6 20. Nxe5 Nxe5 21. f3 exf3 22. gxf3 Qg5+ 23. Kh1 Qxe3 24. Ng1 Qf4 25. bxa5 Nc6 26. a6 bxa6 27. Rad1 Rh4 28. Rfe1 h6 29. Qg2 Qg5 30. Qa2+ Kh8 31. Rd7 Rd4 32. Rxd4 Nxd4 33. Qf2 Qf6 34. Rd1 Ne6 35. Rd7 Re8 36. Rd2 Rb8 37. h3 Qg5 38. Rb2 Rxb2 39. Qxb2 Nf4 40. Qh2 Qh4 41. Qb2 Qg3 42. Qh2 Qxh2+ 43. Kxh2 Nd3 44. Ne2 Nxc5 45. Nd4 g6 46. Kg3 Kg7 47. h4 Kf6 48. f4 Ne4+ 49. Kf3 c5 50. Nc2 Ke6 51. Ne3 Nd6 52. Ke2 Nb5 53. Nc2 Nd4+ 0-1

[Event "Tabor op"]
[Site "Tabor"]
[Date "2012.07.30"]
[Round "3"]
[White "Neuman, Petr"]
[Black "Matejka, Radek"]
[Result "1-0"]
[WhiteElo "2476"]
[BlackElo "1992"]
[PlyCount "64"]
[EventDate "2012.07.29"]
[EventType "swiss"]
[EventRounds "9"]
[EventCountry "CZE"]
[SourceTitle "EXT 2013"]
[Source "ChessBase"]
[SourceDate "2012.11.22"]
[SourceVersion "1"]
[SourceVersionDate "2012.11.22"]
[SourceQuality "1"]

1. d4 d5 2. c4 Nf6 3. cxd5 Qxd5 4. Nf3 e6 5. e3 Bb4+ 6. Bd2 Bxd2+ 7. Nbxd2 0-0 8. Qc2 c6 9. Bd3 Nbd7 10. 0-0 Qh5 11. Nc4 Nd5 12. a3 f5 13. Be2 g5 14. g3 N7f6 15. h4 g4 16. Nfe5 Ne4 17. Bxg4 Qe8 18. Bf3 Ndf6 19. b4 b6 20. Nd2 Ba6 21. Rfc1 Nxd2 22. Qxd2 Nd5 23. Rxc6 Bb7 24. Bxd5 exd5 25. Rc7 Bc8 26. Rac1 Be6 27. R1c6 Rc8 28. Rxc8 Bxc8 29. Qe2 Qe7 30. Qf3 Bb7 31. Qxd5+ Kg7 32. Qd6 Qxd6 1-0

[Event "CZE-chT2A 1112"]
[Site "Czech Republic"]
[Date "2012.02.19"]
[Round "8"]
[White "Matejka, Radek"]
[Black "Mindl, Josef"]
[Result "1-0"]
[WhiteElo "1958"]
[BlackElo "2092"]
[PlyCount "53"]
[EventDate "2011.10.09"]
[EventType "team-tourn"]
[EventRounds "11"]
[EventCountry "CZE"]
[SourceTitle "EXT 2013"]
[Source "ChessBase"]
[SourceDate "2012.11.22"]
[SourceVersion "1"]
[SourceVersionDate "2012.11.22"]
[SourceQuality "1"]
[WhiteTeam "Pisek"]
[BlackTeam "Tabor Sokol"]
[WhiteTeamCountry "CZE"]
[BlackTeamCountry "CZE"]

1. Nf3 f5 2. c4 Nf6 3. d4 g6 4. Nc3 Bg7 5. Bf4 0-0 6. e3 d6 7. d5 Na6 8. Be2 c5 9. 0-0 Nc7 10. Re1 h6 11. Bd3 Nh5 12. Ne2 e5 13. dxe6 Nxe6 14. Qd2 Nhxf4 15. exf4 g5 16. g3 d5 17. Qc2 dxc4 18. Bxc4 Kh8 19. Rad1 Qf6 20. Ne5 Rb8 21. a4 a6 22. a5 b5 23. Bd5 c4 24. Bg2 Nc5 25. Nc3 Be6 26. Rd6 Kg8 27. Nd5 1-0

[Event "CZE-chT2A 1112"]
[Site "Czech Republic"]
[Date "2011.11.06"]
[Round "2"]
[White "Nidl, Petr"]
[Black "Matejka, Radek"]
[Result "1-0"]
[WhiteElo "2198"]
[BlackElo "1958"]
[PlyCount "67"]
[EventDate "2011.10.09"]
[EventType "team-tourn"]
[EventRounds "11"]
[EventCountry "CZE"]
[SourceTitle "EXT 2013"]
[Source "ChessBase"]
[SourceDate "2012.11.22"]
[SourceVersion "1"]
[SourceVersionDate "2012.11.22"]
[SourceQuality "1"]
[WhiteTeam "Ceske Budejovice"]
[BlackTeam "Pisek"]
[WhiteTeamCountry "CZE"]
[BlackTeamCountry "CZE"]

1. Nf3 Nf6 2. g3 g6 3. Bg2 Bg7 4. 0-0 0-0 5. c4 c5 6. Nc3 Nc6 7. d4 cxd4 8. Nxd4 Qb6 9. Nc2 d6 10. Rb1 Bf5 11. e4 Bg4 12. Qd2 Ne5 13. b3 Nf3+ 14. Bxf3 Bxf3 15. Qd3 Bg4 16. Kg2 Nd7 17. Nd5 Qd8 18. f3 Ne5 19. Qe3 Nxf3 20. Rxf3 Bxf3+ 21. Qxf3 e6 22. Nde3 Qa5 23. a3 Qc3 24. Kh3 f5 25. Bb2 Qd3 26. Bxg7 fxe4 27. Qg4 Kxg7 28. Rd1 Qxb3 29. Rxd6 Rf7 30. Qxe4 Qc3 31. Nd4 Qa5 32. c5 Re8 33. Qe5+ Kg8 34. Ng4 1-0

[Event "CZE-chT2A 1011"]
[Site "Czech Republic"]
[Date "2011.01.09"]
[Round "5"]
[White "Straka, Vojtech"]
[Black "Matejka, Radek"]
[Result "1-0"]
[WhiteElo "2058"]
[BlackElo "1979"]
[PlyCount "83"]
[EventDate "2010.10.17"]
[EventType "team-tourn"]
[EventRounds "11"]
[EventCountry "CZE"]
[SourceTitle "EXT 2012"]
[Source "ChessBase"]
[SourceDate "2011.11.24"]
[SourceVersion "1"]
[SourceVersionDate "2011.11.24"]
[SourceQuality "1"]
[WhiteTeam "Praha Oaza"]
[BlackTeam "Pisek Platan"]
[WhiteTeamCountry "CZE"]
[BlackTeamCountry "CZE"]

1. d4 Nf6 2. Nf3 e6 3. Bg5 Be7 4. e3 0-0 5. Bd3 d5 6. Nbd2 c5 7. c3 Nc6 8. Ne5 Nxe5 9. dxe5 Nd7 10. Bf4 f5 11. h4 c4 12. Bc2 b5 13. a3 Nc5 14. Nf3 Bd7 15. h5 Ne4 16. g4 fxg4 17. Nd4 g3 18. fxg3 Rxf4 19. exf4 Bc5 20. Bxe4 dxe4 21. Qd2 Qe7 22. Nf5 exf5 23. Qd5+ Be6 24. Qxa8+ Kf7 25. Rd1 Bb6 26. Qc6 Qc5 27. Qxc5 Bxc5 28. Ke2 Ke7 29. Rd2 Bf7 30. h6 g6 31. Rhd1 Be6 32. Rd5 Bb6 33. Rd6 g5 34. Rxb6 axb6 35. Rd6 g4 36. Rxb6 Bd7 37. Ke3 Be8 38. Kd4 Bd7 39. a4 bxa4 40. Kxc4 Kd8 41. Kd4 Ke7 42. Rg6 1-0

[Event "Tabor op"]
[Site "Tabor"]
[Date "2010.08.08"]
[Round "9"]
[White "Groh, Jiri"]
[Black "Matejka, Radek"]
[Result "1-0"]
[WhiteElo "2134"]
[BlackElo "1970"]
[PlyCount "67"]
[EventDate "2010.08.01"]
[EventType "swiss"]
[EventRounds "9"]
[EventCountry "CZE"]
[SourceTitle "EXT 2012"]
[Source "ChessBase"]
[SourceDate "2011.11.24"]
[SourceVersion "1"]
[SourceVersionDate "2011.11.24"]
[SourceQuality "1"]

1. c4 Nf6 2. Nf3 g6 3. g3 Bg7 4. Bg2 d5 5. 0-0 0-0 6. cxd5 Nxd5 7. d4 c6 8. Nc3 Nxc3 9. bxc3 c5 10. e4 Nc6 11. Be3 Qa5 12. Qb3 b5 13. Rab1 a6 14. Qc2 Bg4 15. d5 Bxf3 16. Bxf3 Ne5 17. Be2 Rfc8 18. f4 Nc4 19. Bxc4 bxc4 20. e5 Rab8 21. Rfc1 Rb5 22. a4 Rbb8 23. Bd2 f6 24. f5 gxf5 25. Qxf5 Qd8 26. Qe6+ Kh8 27. Bf4 Rb3 28. d6 Qg8 29. Qxe7 fxe5 30. Bg5 h6 31. Bh4 Rf8 32. d7 Qf7 33. d8Q Qf5 34. Bf6 1-0